| 000 | 01429nam a22002297a 4500 | ||
|---|---|---|---|
| 003 | DO-SdBNP | ||
| 005 | 20210906085034.0 | ||
| 007 | ta | ||
| 008 | 210825e2017 dr ||||er|||| 001 m spa d | ||
| 020 | _a9789945468762 | ||
| 040 |
_aDO-SdBNP _bspa _cBNPHU |
||
| 041 | _hspa | ||
| 082 | _bB317d | ||
| 100 | 1 |
_aBass, Alberto _926650 _d1949- |
|
| 245 | 1 | 3 |
_aDiálogo, arte y realidad / _cAlberto Bass |
| 260 |
_aSanto Domingo : _bAlfa & Omega, _c2017 |
||
| 300 |
_a370 p.; _c22 cm |
||
| 500 | _aIncluye biografía del autor en la p. 365 | ||
| 505 |
_aPresentación. _tDiálogo con Faustino Péres.-- _tDiálogo con Vicente Fabré.-- _tDiálogo con Isa de Peña.-- _tDiálogo con Charitto Chávez.-- _tDiálogo con Nelson Calderón.-- _tDiálogo con José Cestero.-- _tDiálogo con Elvis Avilés.-- _tDiálogo con Antonio Guadalupe.-- _tDiálogo con Frank Almánzar.-- _tDiálogo con Juan Bautista Sánchez.-- _tDiálogo con Reynaldo Disla.-- _tDiálogo con Jaime Lucero.-- _tDiálogo con Gloria Rojas.-- _tDiálogo con Ángel Tomáas González.-- _tDiálogo con Osvaldo Salas.-- _tDiálogo con Alberto Korda.-- _tDiálogo con Julio Antonio Rodríguez.-- _tDiálogo con Fradique Lizardo.-- _tDiálogo con Humberto Soto Ricart.-- _tDiálogo con Danilo Lasosé.-- _tDiálogo con Eligio Pichardo.-- _tDiálogo con Ramón Oviedo.-- _tDiálogo con Jeannette Miller.-- _tDiálogo con Rosa Meléndez.-- |
||
| 590 | _aInventariado 2021 / MF | ||
| 942 |
_2ddc _cLBS1 |
||
| 999 |
_c50285 _d50285 |
||